00309nam a2200121Ia 4500008004100000020001700041040001200058082001400070100002400084245002800108260003700136300001400173200103s9999||||xx |||||||||||||| ||und|| a978521432313 aIMU-MPC aColumn-11 aTrenberth, Kevin E. 0aClimate system modeling bCambridge University Pressc1992 axxix, 788